DIRECT TAXES LAW AND PRACTICE (Record no. 34103)

MARC details
000 -LEADER
fixed length control field 00313nam a22001457a 4500
003 - CONTROL NUMBER IDENTIFIER
control field SGT
020 ## - INTERNATIONAL STANDARD BOOK NUMBER
International Standard Book Number 9789371269674
082 ## - DEWEY DECIMAL CLASSIFICATION NUMBER
Classification number 343.052
Item number SIN
100 ## - MAIN ENTRY--PERSONAL NAME
Personal name SINGHANIA VINOD
245 ## - TITLE STATEMENT
Title DIRECT TAXES LAW AND PRACTICE
250 ## - EDITION STATEMENT
Edition statement 73
260 ## - PUBLICATION, DISTRIBUTION, ETC. (IMPRINT)
Place of publication, distribution, etc NEW DELHI
Name of publisher, distributor, etc TAXMANN
Year of Publication 2025
300 ## - PAGE DESCRIPTION
No. of Pages 1706
942 ## - ADDED ENTRY ELEMENTS (KOHA)
Source of classification or shelving scheme Dewey Decimal Classification
Koha item type Books
Holdings
Withdrawn status Lost status Source of classification or shelving scheme Damaged status Not for loan Collection code Home library Current library Shelving location Date acquired Vendor Name Cost, normal purchase price SGTU Bill Number Full call number Accession No. (Barcode) Date last seen Bill Date Koha item type Total Checkouts
    Dewey Decimal Classification   Not For Loan LAW SGT Science & Social Sciences Library SGT Science & Social Sciences Library Reference Book 17/02/2026 ZAFFA BOOKS 2395.00 SGTU ZBD0421 343.052 SIN FL4094 17/02/2026 04/02/2026 Books  
    Dewey Decimal Classification     LAW SGT Science & Social Sciences Library SGT Science & Social Sciences Library Text Book 18/03/2026 ZAFFA BOOKS 2395.00 SGTU ZBD0463 343.052 SIN FL4189 18/03/2026 03/03/2026 Books  
    Dewey Decimal Classification     LAW SGT Science & Social Sciences Library SGT Science & Social Sciences Library Text Book 25/03/2026 ZAFFA BOOKS 2395.00 SGTU ZBD0512 343.052 SIN FL4207 25/03/2026 23/03/2026 Books